Odsun nebo vyhnání? Sudetští Němci v Československu v letech 1945-1946

Gespeichert in:
Bibliographische Detailangaben
1. Verfasser: Kučera, Jaroslav
Format: Buch
Sprache:Tschechisch
Veröffentlicht: Praha H A H 1991
Ausgabe:1. vyd.
Schriftenreihe:Panorama dějin Nové pohledy
Schlagworte:
Tags: Tag hinzufügen
Keine Tags, Fügen Sie das erste Tag hinzu!

MARC

LEADER 00000nam a2200000 4500
001 c003008
005 20221214094418.7
020 |a 80-85467-32-1 
041 0 |a cze 
044 |a CZ 
245 1 0 |a Odsun nebo vyhnání?  |b Sudetští Němci v Československu v letech 1945-1946  |c Jaroslav Kučera 
250 |a 1. vyd. 
264 1 |a Praha  |b H A H  |c 1991 
300 |a 39 s. 
490 1 |a Panorama dějin  |v Nové pohledy 
830 0 |a Panorama dějin  |v Nové pohledy 
610 2 0 |a ČSFR 
610 2 0 |a 1945-1946 
610 2 0 |a história 
610 2 0 |a Česko 
610 2 0 |a politika vnútorná 
610 2 0 |a politika národnostná 
610 2 0 |a Sudetskí Nemci 
100 1 |a Kučera, Jaroslav